काश हम भी पेड होते / (Record no. 111397)

MARC details
000 -LEADER
fixed length control field 01055nam a22002777a 4500
003 - CONTROL NUMBER IDENTIFIER
control field dpl
005 - DATE AND TIME OF LATEST TRANSACTION
control field 20180618141853.0
008 - FIXED-LENGTH DATA ELEMENTS--GENERAL INFORMATION
fixed length control field 180618b xxu||||| |||| 00| 0 eng d
010 ## - LIBRARY OF CONGRESS CONTROL NUMBER
LC control number A-924125
020 ## - INTERNATIONAL STANDARD BOOK NUMBER
Terms of availability 100.00
035 ## - SYSTEM CONTROL NUMBER
System control number A-924125, A-924129
037 ## - SOURCE OF ACQUISITION
Source of stock number/acquisition Cen Lib/Ret
040 ## - CATALOGING SOURCE
Original cataloging agency DPL
Language of cataloging HN
Transcribing agency 0
082 ## - DEWEY DECIMAL CLASSIFICATION NUMBER
Classification number 821
Item number इशाक
100 ## - MAIN ENTRY--PERSONAL NAME
Personal name इशाक अश्क
9 (RLIN) 42599
245 ## - TITLE STATEMENT
Title काश हम भी पेड होते /
Statement of responsibility, etc इशाक अश्क
246 ## - VARYING FORM OF TITLE
Title proper/short title Kash hum bhi paid hote
Remainder of title by Ishaq Ashk
260 ## - PUBLICATION, DISTRIBUTION, ETC. (IMPRINT)
Place of publication, distribution, etc नई दिल्ली
Name of publisher, distributor, etc दिशा प्रकाशन
Date of publication, distribution, etc 1997
270 ## - ADDRESS
Address 138/16, त्रि नगर
City नई दिल्ली
Postal code 110035
300 ## - PHYSICAL DESCRIPTION
Extent 119पृष्ठ.
Dimensions 20सजिल्द
650 ## - SUBJECT ADDED ENTRY--TOPICAL TERM
Topical term or geographic name as entry element हिंदी साहित्य
9 (RLIN) 42600
650 ## - SUBJECT ADDED ENTRY--TOPICAL TERM
Topical term or geographic name as entry element हिंदी कविता
9 (RLIN) 42601
650 ## - SUBJECT ADDED ENTRY--TOPICAL TERM
Topical term or geographic name as entry element हिंदी लिटरेचर
9 (RLIN) 42602
650 ## - SUBJECT ADDED ENTRY--TOPICAL TERM
Topical term or geographic name as entry element हिंदी पोएट्री
9 (RLIN) 42603
942 ## - ADDED ENTRY ELEMENTS (KOHA)
Source of classification or shelving scheme Dewey Decimal Classification
Koha item type Hindi Books
Classification part 821
Call number suffix इशाक
Holdings
Withdrawn status Lost status Damaged status Not for loan Home library Current library Date acquired Source of acquisition Cost, normal purchase price Total Checkouts Full call number Barcode Date last seen Copy number Cost, replacement price Price effective from Koha item type Source of classification or shelving scheme Collection code
        Central Library Central Library 01/08/2015 Cen Lib/Ret 100.00   821 इशाक A-924125 01/08/2015 1 100.00 01/08/2015 Hindi Books    
        Shahdara Branch Shahdara Branch 18/06/2018 BPPD/PUB 100.00   821 इशाक A-924129 18/06/2018   100.00 18/06/2018 Hindi Books Dewey Decimal Classification Non-fiction

© Delhi Public Library
Hit Counter
free hit counter